Statistiques concernant Classement Tournoi des 6 Nations 2024.

Cliquez ici pour prendre le quiz!

Statistiques générales

  • Ce quiz a été pris 107 fois
  • Le résultat moyen est 6 sur 6

Statistiques - réponses

RangPointsPoints inscritsNations% Correct
120144 Irlande
100%
215128 France
100%
314118 Angleterre
99%
412115 Écosse
95%
51192 Italie
94%
6492 Pays de Galles
91%

Distribution des résultats

Percentile par nombre de réponses

% des personnes avec chaque résultat

Votre développement - résultats

Vous n’avez pas pris ce quiz